La philosophie de l'esprit : Une introduction aux débats contemporains (notice n° 1567457)
[ vue normale ]
| 000 -LEADER | |
|---|---|
| fixed length control field | 00891cam a2200133 4500500 |
| 005 - DATE AND TIME OF LATEST TRANSACTION | |
| control field | 20251214002804.0 |
| 041 ## - LANGUAGE CODE | |
| Language code of text/sound track or separate title | fre |
| 042 ## - AUTHENTICATION CODE | |
| Authentication code | dc |
| 100 10 - MAIN ENTRY--PERSONAL NAME | |
| Personal name | Esfeld, Michaël |
| Relator term | author |
| 245 00 - TITLE STATEMENT | |
| Title | La philosophie de l'esprit : Une introduction aux débats contemporains |
| 260 ## - PUBLICATION, DISTRIBUTION, ETC. | |
| Name of publisher, distributor, etc. | Armand Colin,<br/> |
| Date of publication, distribution, etc. | 2020.<br/> |
| 520 ## - SUMMARY, ETC. | |
| Summary, etc. | Cet ouvrage de référence présente l'état actuel de la philosophie de l'esprit en introduisant les positions majeures dans un ordre systématique, en exposant les arguments principaux pour chaque position ainsi que les éléments de critique, et créant de cette manière un fil conducteur. S'y associent un appareil didactique fouillé avec résumés des points centraux, suggestions de lecture, questions de contrôle et propositions de travail. |
| 856 41 - ELECTRONIC LOCATION AND ACCESS | |
| Uniform Resource Identifier | <a href="https://shs.cairn.info/la-philosophie-de-l-esprit--9782200626471?lang=fr&redirect-ssocas=7080">https://shs.cairn.info/la-philosophie-de-l-esprit--9782200626471?lang=fr&redirect-ssocas=7080</a> |
Pas d'exemplaire disponible.




Réseaux sociaux